An experiment in criticism

Salvato in:
Dettagli Bibliografici
Autore principale: Lewis, C. S.
Natura: Libro
Lingua:Undetermined
Pubblicazione: Cambridge The University Press 1961
Soggetti:
Tags: Aggiungi Tag
Nessun Tag, puoi essere il primo ad aggiungerne! !
Thư viện lưu trữ: Trung tâm Học liệu Trường Đại học Cần Thơ
LEADER 00484nam a2200181Ia 4500
001 CTU_88730
008 210402s9999 xx 000 0 und d
082 |a 801.9 
082 |b L673 
100 |a Lewis, C. S. 
245 3 |a An experiment in criticism 
245 0 |c C. S. Lewis 
260 |a Cambridge 
260 |b The University Press 
260 |c 1961 
650 |a Criticism,Books and reading. 
904 |i Năm,Hải 
980 |a Trung tâm Học liệu Trường Đại học Cần Thơ